Lao Še : biobibliografičeskij ukazatel´ /

Uložené v:
Podrobná bibliografia
Ďalší autori: Glagoleva, I. K. (Compiler)
Médium: Kniha
Jazyk:Russian
Vydané: Moskva : Kniga, 1983.
Vydanie:1. izd.
Edícia:Pisateli zarubežnych stran
ISBN: (brož.)
Fyzický popis: 120 s. ; 22 cm.
Tagy: Pridať tag
Žiadne tagy, Buďte prvý kto otaguje tento záznam!

MARC

LEADER 00000nam a22000007a 4500
001 000411908
005 20121201175043.0
008 080618s1983 ru e rus d
020 |a (brož.) 
040 |a SVKKK  |b slo  |c SVKKK  |e AACR2 
041 0 |a rus 
044 |a ru  |c RU 
245 0 0 |a Lao Še :  |b biobibliografičeskij ukazatel´ /  |c sost. I. K. Glagoleva. 
250 |a 1. izd. 
260 |a Moskva :  |b Kniga,  |c 1983. 
300 |a 120 s. ;  |c 22 cm. 
490 1 |a Pisateli zarubežnych stran 
500 |a Obsahuje register 
700 1 |a Glagoleva, I. K.  |4 com 
910 |a svkkk 
998 |a BK 
090 |g SCKHL  |k Sklad Pribinova 2. posch.  |a III.125620  |j 700914  |i B275153  |4 Zastaraná  |s Vyradená